The Confusing Language Quiz - Statistics

General Stats
  • This quiz has been taken 32 times
  • The average score is 20 of 25
Answer Stats
Hint Answer % Correct
Japanese in French Japonaise / Japonais
96%
Polish in English Polish
96%
Arabic in German Arabisch
93%
Dutch in Polish Holenderski
93%
Hindi in Korean 힌디 어
89%
Greek in Spanish Griega / Griego
89%
Urdu in Zulu Isi-Urdu
89%
Italian in Māori Itari
89%
Vietnamese in Portuguese vietnamita
89%
Portuguese in Thai โปรตุเกส
86%
Thai in Greek Ταϊλανδός
86%
Swahili in Russian суахили
86%
German in Vietnamese tiếng Đức
86%
Zulu in Dutch Zoeloe
86%
Turkish in Ukrainian турецька
82%
Korean in Italian Coreana / Coreano
82%
Spanish in Chinese 西班牙语
79%
Bengali in Turkish Bengalce
79%
French in Arabic فرنسي
71%
Māori in Hebrew מאורי
71%
Chinese in Swahili Kichina
71%
Russian in Hindi रूसी
68%
Hebrew in Bengali হিব্রু
64%
English in Japanese 英語
61%
Ukrainian in Urdu یوکرینی
54%
No matching quizzes found
Score Distribution
Percent of People with Each Score
Percentile by Number Answered
Your Score History
You have not taken this quiz